Agro-Spatial diversity in Bangladesh / (Record no. 79678)
[ view plain ]
| 000 -LEADER | |
|---|---|
| fixed length control field | 01061nam a22002537a 4500 |
| 001 - CONTROL NUMBER | |
| RUCL Control Number | 79678 |
| 003 - CONTROL NUMBER IDENTIFIER | |
| rucl marc code | BD-RjUL |
| 005 - DATE AND TIME OF LATEST TRANSACTION | |
| control field | 20220410125210.0 |
| 008 - FIXED-LENGTH DATA ELEMENTS--GENERAL INFORMATION | |
| fixed length control field | 220410s2000 bg a|||| m||| 00| 0 eng d |
| 035 ## - SYSTEM CONTROL NUMBER | |
| system control number | (BD-RjUL)79678 |
| 040 ## - CATALOGING SOURCE | |
| Original cataloging agency | BD-RjUL |
| Language of cataloging | eng |
| Transcribing agency | BD-RjUL |
| Modifying agency | BD-RjUL |
| 041 ## - LANGUAGE CODE | |
| Language code of Book | eng |
| 082 ## - DEWEY DECIMAL CLASSIFICATION NUMBER | |
| DDC Edition number | 23 |
| Classification number | 915.5492 |
| Author mark and Year | RAA 2000 |
| 100 ## - MAIN ENTRY--PERSONAL NAME | |
| Personal name | Rahman, Md. Rejaur |
| 9 (RLIN) | 2313 |
| 245 10 - TITLE STATEMENT | |
| Title | Agro-Spatial diversity in Bangladesh / |
| Statement of responsibility, etc | Md. Rejaur Rahman ; |
| Name of Supervisor/Co-Supervisor | Supervisor : Jafar, Reza Khan, Supervisor : Md. Zahidul Hassan |
| 260 ## - PUBLICATION, DISTRIBUTION, ETC. (IMPRINT) | |
| Place of publication, distribution, etc | Rajshahi : |
| Name of publisher, distributor, etc | Department of Geography & Environmental Studies Faculty of Life & Earth Science, University of Rajshahi, |
| Date of publication, distribution, etc | 2000 |
| 300 ## - PHYSICAL DESCRIPTION | |
| Pagination | [14], 270 leaves : |
| Other physical details | ill, ; |
| Dimensions | 29.cm. |
| 502 ## - DISSERTATION NOTE | |
| Dissertation note | Thesis (M.Phil.) -- Department of Geography & Environmental Studies Faculty of Life & Earth Science, University of Rajshahi, 2000 |
| 504 ## - BIBLIOGRAPHY, ETC. NOTE | |
| Bibliography, etc | References : Leaves 265 - 270 |
| 650 ## - SUBJECT ADDED ENTRY--TOPICAL TERM | |
| Topical term or geographic name as entry element | Agro-Spatial |
| Form subdivision | Geography |
| Geographic subdivision | Bangladesh |
| 9 (RLIN) | 2314 |
| 700 ## - ADDED ENTRY--SUPERVISOR/CO-SUPERVISOR NAME | |
| Personal name | Khan, Jafar, Reza, Supervisor |
| Personal name | Hassan, Md. Zahidul, Supervisor |
| 9 (RLIN) | 1563 |
| 942 ## - ADDED ENTRY ELEMENTS (KOHA) | |
| Source of classification or shelving scheme | Dewey Decimal Classification |
| Koha item type | Theses |
| Source of classification or shelving scheme | Damaged status | Not for loan | Collection code | Permanent Location | Current Location | Shelving location | Date of accession | Source of acquisition | Total Checkouts | Full call number | Barcode | Date last seen | Copy number | Thesis |
|---|---|---|---|---|---|---|---|---|---|---|---|---|---|---|
| Dewey Decimal Classification | Not For Loan | Theses | Central Library, University of Rajshahi | Central Library, University of Rajshahi | Documentation Section | 20/04/2002 | Controller of Exam. R.U | THE 915.5492 RAA 2000 | D2034 | 10/04/2022 | C-1 | Theses |